Statistics for 100 Biggest Cities in North America on a Map

Click here to take the quiz!

General Stats

  • This quiz has been taken 4,095 times
    (3,989 since last reset)
  • The average score is 58 of 100

Answer Stats

Population City / Urban Area % Correct
22.4 mNew York City
99%
17.8 mLos Angeles
98%
6.35 mMiami
97%
7.85 mSan Francisco
96%
22.8 mMexico City
96%
9.75 mChicago
96%
7.10 mDallas
95%
7.35 mToronto
95%
4.38 mSeattle
95%
7.65 mBoston
95%
6.60 mHouston
94%
8.55 mWashington, D.C.
94%
2.75 mVancouver
93%
5.28 mTijuana - San Diego
93%
5.70 mDetroit
92%
5.80 mAtlanta
92%
2.25 mLas Vegas
91%
2.23 mHavana
90%
7.35 mPhiladelphia
90%
3.70 mDenver
89%
4.58 mPhoenix
88%
2.40 mPortland
87%
3.38 mOrlando
87%
4.25 mMontréal
87%
1.02 mNew Orleans
85%
1.92 mAustin
83%
3.15 mMinneapolis
82%
1.23 mOttawa
82%
2.43 mSalt Lake City
81%
2.35 mSan José
81%
4.30 mTampa
80%
2.08 mSacramento
79%
1.51 mPanama City
79%
2.18 mSan Antonio
79%
2.50 mEl Paso - Juárez
78%
3.08 mCleveland
76%
1.46 mNashville
76%
1.98 mIndianapolis
75%
2.35 mSt. Louis
75%
1.42 mJacksonville
75%
3.13 mPort-au-Prince
75%
1.98 mKansas City
73%
1.14 mOklahoma City
72%
2.05 mPittsburgh
72%
1.51 mCalgary
72%
3.15 mGuatemala City
72%
1.36 mEdmonton
71%
1.15 mMemphis
70%
1.73 mColumbus
70%
2.78 mCincinnati
70%
2.43 mCharlotte
70%
1.55 mMilwaukee
69%
3.90 mSanto Domingo
67%
1.35 mBuffalo
66%
1.87 mSan Salvador
65%
5.25 mGuadalajara
65%
1.63 mRaleigh
63%
2.03 mSan Juan
60%
0.76 mCancún
56%
4.93 mMonterrey
56%
1.19 mProvidence
55%
1.06 mRichmond
54%
1.32 mManagua
54%
1.14 mTegucigalpa
52%
1.06 mLouisville
52%
1.69 mHartford
48%
0.84 mTucson
48%
1.61 mVirginia Beach
46%
0.75 mBirmingham
38%
1.33 mHarrisburg
30%
3.13 mPuebla
28%
1.14 mMatamoros - Brownsville
27%
0.89 mAcapulco
27%
0.92 mChihuahua
24%
1.11 mGreensboro
23%
1.13 mMérida
22%
1.04 mMexicali
22%
0.92 mBridgeport
20%
0.78 mLaredo - Nuevo Laredo
20%
1.50 mReynosa - McAllen
19%
1.25 mStockton
18%
1.07 mCape Coral
18%
1.91 mLeón
17%
0.92 mVeracruz
16%
2.28 mToluca
13%
1.19 mMelbourne
13%
1.18 mSan Pedro Sula
12%
1.21 mSan Luis Potosí
11%
0.88 mHermosillo
10%
1.14 mAguascalientes
9%
1.35 mTorreón
9%
1.40 mQuerétaro
7%
1.04 mCuernavaca
7%
0.91 mCuliacán
7%
0.92 mSaltillo
7%
0.91 mMorelia
7%
0.92 mTampico
7%
0.82 mVillahermosa
6%
0.81 mTuxtla Gutiérrez
6%
0.77 mXalapa
6%

Score Distribution

Percentile by Number Answered

Percent of People with Each Score

Your Score History

You have not taken this quiz since the last reset